书目信息 |
| 题名: |
插值多项式与插值样条
|
|
| 作者: | 熊振翔 著 | |
| 分册: | ||
| 出版信息: | 北京 国防工业出版社 1995 |
|
| 页数: | 424页 | |
| 开本: | 20cm | |
| 丛书名: | ||
| 单 册: | ||
| 中图分类: | O174.42 | |
| 科图分类: | ||
| 主题词: | 数学分析 | |
| 电子资源: | ||
| ISBN: | 7-118-01294-7 | |
| 000 | 00551nam0 2200181 450 | |
| 001 | 0732828906 | |
| 005 | 20070903090708.90 | |
| 010 | @a7-118-01294-7@b精装@d¥19.80 | |
| 100 | @a20070903d km y0chiy0120 ea | |
| 101 | 0 | @achi |
| 200 | 1 | @a插值多项式与插值样条@Acha zhi duo xiang shi yu cha zhi yang tiao@f熊振翔著@Fxiong zhen xiang zhu |
| 210 | @a北京@c国防工业出版社@d1995 | |
| 215 | @a424页@d20cm | |
| 606 | 0 | @a数学分析 |
| 690 | @aO174.42@v3 | |
| 701 | 0 | @a熊振翔@Axiong zhen xiang@4著 |
| 801 | 0 | @aCN@bPFT@c20070903 |
| 905 | @a213230@dO174.42@eS5@f1 | |
| 插值多项式与插值样条/熊振翔著.-北京:国防工业出版社,1995 |
| 424页;20cm |
| ISBN 7-118-01294-7(精装):¥19.80 |
| ● |
| 相关链接 |
|
|
|
|
正题名:插值多项式与插值样条
索取号:O174.42/S5
 
预约/预借
| 序号 | 登录号 | 条形码 | 馆藏地/架位号 | 状态 | 备注 |
| 1 | 6702055 | 267020555 | 密集书库-数信学院/ [索取号:O174.42/S5] | 在馆 |